000 00684nam a2200289Ia 4500
005 20260324151019.0
008 008 260324s9999 xx 000 0 eng d
020 _a9780203529539
037 _aEBOOK
040 _aCRL
040 _beng
040 _cCRL
041 _2eng
041 _aeng
084 _qCRL
100 _aJames Henry Tuckwell
_91228422
245 0 _aReligion and Reality
245 2 _bA Study in the Philosophy of Mysticism
260 _bTaylor and Francis
260 _c1915
365 _a
365 _b240
856 _uhttp://www.taylorfrancis.com/books/9780203529539
942 _cEBOOK
999 _c1838835
_d1838835